| 000 | 00462nam a22001457a 4500 | ||
|---|---|---|---|
| 020 | _a81-224-0807-9 | ||
| 082 |
_a627 _bDUG _cL-39,P-180 |
||
| 100 |
_aK.N Duggal, J.P. Soni _943919 |
||
| 245 |
_aElements of water resources engineering/ _cK.N Duggal, J.P. Soni. |
||
| 260 |
_aNew Delhi: _bNew age international publishers, _c1996. |
||
| 300 |
_a587p.: _bill.; _c15cm. |
||
| 526 |
_a0 _b0 _c0 _d627_000000000000000_DUGL39P180 |
||
| 650 |
_aMCE _9379 |
||
| 942 |
_2ddc _cBK |
||
| 999 |
_c547793 _d547793 |
||